000 00679nam a2200289Ia 4500
005 20260324133526.0
008 008 260324s9999 xx 000 0 eng d
020 _a9780203641996
037 _aEBOOK
040 _aCRL
040 _beng
040 _cCRL
041 _2eng
041 _aeng
084 _qCRL
100 _aKaren E. Riggs
_91193429
245 0 _aGranny @ Work
245 0 _bAging and New Technology on the Job in America
260 _bTaylor and Francis
260 _c2003
365 _a
365 _b160
856 _uhttp://www.taylorfrancis.com/books/9780203641996
942 _cEBOOK
999 _c1792539
_d1792539